000 00304nam a22001337a 4500
008 170602b xxu||||| |||| 00| 0 eng d
020 _at 6547
041 _aeng
080 _a94(7/8)
100 _a17
101 _aSHH
245 _aAMERICA LAND OF BEAUTY AND SPLENDOR
_cDOBELIS,I.N
942 _2udc
_cBK
999 _c15794
_d15794